| 000 | 00463nam a22001697a 4500 | ||
|---|---|---|---|
| 005 | 20240710091747.0 | ||
| 008 | 240710b |||||||| |||| 00| 0 eng d | ||
| 020 | _a9780470945582 | ||
| 082 |
_a005.43 _bTET-C |
||
| 100 | _aTetz,Edward | ||
| 245 |
_aCisco networking : _bAll-in-one for dummies / _cEdward Tetz |
||
| 260 |
_aIndia: _bPearson; _c2014. |
||
| 300 |
_axx, 691 p. : _bill; _c24 cm. |
||
| 500 | _ainclude index. | ||
| 650 | _aNetworking | ||
| 999 |
_c36086 _d36086 |
||